Państwa, na czele których stoją kobiety - Statystyki

Ogólne statystyki
  • Ten quiz został rozwiązany 138 razy
  • Średni wynik to 5 z 18
Statystyki odpowiedzi
Kontynent / Region Tytuł Państwo % Poprawnych
Europa Królowa Dania
73%
Europa Prezydent Słowacja
57%
Europa Prezydent Grecja
55%
Europa Prezydent Szwajcaria
45%
Europa Prezydent Mołdawia
38%
Azja Prezydent Indie
34%
Europa Prezydent Węgry
33%
Azja Prezydent Singapur
25%
Azja Prezydent Gruzja
23%
Azja Prezydent Tajwan
23%
Europa Prezydent Kosowo
22%
Ameryka Środkowa Prezydent Barbados
19%
Ameryka Środkowa Prezydent Honduras
16%
Ameryka Środkowa Prezydent Trynidad i Tobago
16%
Afryka Prezydent Etiopia
13%
Azja Prezydent Nepal
11%
Afryka Prezydent Tanzania
9%
Afryka Królowa Eswatini
8%
Nie znaleziono quizów pasujących do podanych kryteriów
Rozkład punktacji
Procent ludzi z każdym wynikiem
Percentyl według liczby udzielonych odpowiedzi
Twoja historia wyników
Nie rozwiązałeś tego quizu